Šok z prosperity čítanka z globální problematiky

Guardado en:
Detalles Bibliográficos
Otros Autores: Nováček, Pavel, Huba, Mikuláš
Formato: Libro
Lenguaje:checo
Publicado: Olomouc Univerzita Palackého 1995
Edición:1. vyd.
Materias:
Etiquetas: Agregar Etiqueta
Sin Etiquetas, Sea el primero en etiquetar este registro!

MARC

LEADER 00000nam a2200000 4500
001 c011949
005 20221214072119.3
020 |a 80-7067-530-6 
041 0 |a cze 
044 |a CZ 
245 1 0 |a Šok z prosperity  |b čítanka z globální problematiky  |c [editoři: Pavel Nováček, Mikuláš Huba] 
250 |a 1. vyd. 
264 1 |a Olomouc  |b Univerzita Palackého  |c 1995 
300 |a 235 s. 
610 2 0 |a problémy globálne 
610 2 0 |a ochrana prostredia životného 
610 2 0 |a prognózy sociálno-ekonomické 
610 2 0 |a štýl životný 
700 1 |a Nováček, Pavel 
700 1 |a Huba, Mikuláš